The faith : (Record no. 10358)

MARC details
000 -LEADER
fixed length control field 04636cam a22003974a 4500
001 - CONTROL NUMBER
control field 47136533
003 - CONTROL NUMBER IDENTIFIER
control field OCoLC
005 - DATE AND TIME OF LATEST TRANSACTION
control field 20241126110730.0
008 - FIXED-LENGTH DATA ELEMENTS--GENERAL INFORMATION
fixed length control field 010605s2002 nyua b 001 0 eng
010 ## -
-- 2001037242
020 ## - INTERNATIONAL STANDARD BOOK NUMBER
International Standard Book Number 038549114X
Qualifying information (alk. paper)
020 ## - INTERNATIONAL STANDARD BOOK NUMBER
International Standard Book Number 9780385491143
Qualifying information (alk. paper)
020 ## - INTERNATIONAL STANDARD BOOK NUMBER
International Standard Book Number 0385491158
Qualifying information (pbk.)
020 ## - INTERNATIONAL STANDARD BOOK NUMBER
International Standard Book Number 9780385491150
Qualifying information (pbk.)
035 ## - SYSTEM CONTROL NUMBER
System control number (OCoLC)47136533
Canceled/invalid control number (OCoLC)53329477
-- (OCoLC)229320197
-- (OCoLC)969874363
-- (OCoLC)977825993
040 ## - CATALOGING SOURCE
Original cataloging agency DLC
Language of cataloging eng
Transcribing agency DLC
Modifying agency NOR
-- OCLCQ
-- BTCTA
-- YDXCP
-- OCLCG
-- IG#
-- BTN
-- OCLCF
-- OCLCO
-- OCLCQ
-- SFR
-- BAKER
-- SEO
-- BDX
-- OCLCQ
-- CNUTO
-- AL5CN
-- OCLCQ
-- XBE
-- BRL
-- OCLCQ
-- NYHOF
-- OCLCQ
-- IL4J6
-- OCLCO
-- OCLCQ
-- OCLCO
-- OCLCL
042 ## -
-- pcc
050 00 -
-- BR145.2
-- .M69 2002
055 #3 -
-- BR145.2
-- .M69 2003
060 #4 -
-- 270 M938f
082 00 - DEWEY DECIMAL CLASSIFICATION NUMBER
Classification number 270
Edition information 21
Item number MOY
100 1# - MAIN ENTRY--PERSONAL NAME
Personal name Moynahan, Brian,
Dates associated with a name 1941-
9 (RLIN) 17980
245 14 - TITLE STATEMENT
Title The faith :
Remainder of title a history of Christianity /
Statement of responsibility, etc. Brian Moynahan
250 ## - EDITION STATEMENT
Edition statement 1st ed
260 ## - PUBLICATION, DISTRIBUTION, ETC.
Place of publication, distribution, etc. New York :
Name of publisher, distributor, etc. Doubleday,
Date of publication, distribution, etc. 2002
300 ## - PHYSICAL DESCRIPTION
Extent viii, 806 pages :
Other physical details illustrations ;
Dimensions 25 cm
336 ## - CONTENT TYPE
Content type term text
Content type code txt
Source rdacontent
337 ## - MEDIA TYPE
Media type term unmediated
Media type code n
Source rdamedia
338 ## - CARRIER TYPE
Carrier type term volume
Carrier type code nc
Source rdacarrier
504 ## - BIBLIOGRAPHY, ETC. NOTE
Bibliography, etc. note Includes bibliographical references (pages 761-767) and index
505 00 - FORMATTED CONTENTS NOTE
Miscellaneous information 1.
Title The cross --
Miscellaneous information 2.
Title The master builder : Paul --
Miscellaneous information 3.
Title The third race : early writing and worship --
Miscellaneous information 4.
Title The blood of martyrs --
Miscellaneous information 5.
Title "Conquer by this" : Constantine --
Miscellaneous information 6.
Title Heretics --
Miscellaneous information 7.
Title "through them the world is kept in being" : monks --
Miscellaneous information 8.
Title The transpierced heart : Augustine --
Miscellaneous information 9.
Title Lost Atlantis : the Islamic invasions --
Miscellaneous information 10. "A
Title slave in Christ for foreign people" : the Pagan conversions --
Miscellaneous information 11. "A
Title carnage of pagans" : crusades --
Miscellaneous information 12.
Title "Act with a kindly harshness" : the laws of war --
Miscellaneous information 13.
Title "O fire of love" : manifestations of the spirit --
Miscellaneous information 14.
Title "If golde ruste, what should iren do?" : early reformers --
Miscellaneous information 15.
Title "something that appeals to the eye" : papal attitudes --
Miscellaneous information 16.
Title "By faith alone" : printing and protestants --
Miscellaneous information 17.
Title The word of God : the Bible as lethal weapon --
Miscellaneous information 18.
Title "Keep watch over the lives of everyone" : Calvin and the Puritans --
Miscellaneous information 19. "The
Title prince's wrath means death" : English speakers --
Miscellaneous information 20.
Title Roman soldiers : Counter-reformation --
Miscellaneous information 21.
Title "Art thou become quite other than thyself, so cruel?" : the Spanish Inquisition --
Miscellaneous information 22.
Title "Rather a country ruined than a country damned" : the wars of religion --
Miscellaneous information 23.
Title God's charnel house : the witch-finders --
Miscellaneous information 24.
Title "I the voice of Christ in the desert of this island" : the Americas --
Miscellaneous information 25. "A
Title desert-dweller in pursuit of wild beasts" : the Jesuits in Paraguay --
Miscellaneous information 26. "The
Title attractive African meteor" : the slave trade --
Miscellaneous information 27.
Title "Rock, rock, oh when will thou open, rock? " : eastern missions --
Miscellaneous information 28. "The
Title Lord make it like New England" : Protestant America --
Miscellaneous information 29. "The
Title melancholy wastes of woe" : revolutions --
Miscellaneous information 30.
Title "American Z ion" : Mormons --
Miscellaneous information 31.
Title "Drawing the eye-tooth of the tiger" : missions --
Miscellaneous information 32.
Title The descent of man : Darwin --
Miscellaneous information 33.
Title "The
-- godless rulers of darkness" : totalitarians --
Miscellaneous information 34.
Title "I have a dream" : liberation theology --
Miscellaneous information 35.
Title Charisma
520 1# - SUMMARY, ETC.
Summary, etc. "Moynahan traces the extraordinary journey that Christianity has made from its start as a small and vulnerable sect - "They were crucified or set on fire," Tacitus wrote of Christians, in Nero's Rome, "so that when darkness came they burned like torches in the night"--To the world's greatest congregation of almost two billion baptized souls. The Faith opens with the story of Jesus himself, the Resurrection, and the spreading of the Gospels. It shows how the young religion's growing power in the East, the cradle of its early monks and philosophers, was broken by the Islamic conquests, and how its energies were redirected westward into barbarian Europe. Moynahan covers in lucid detail the intensity of the medieval faith, with its titanic cathedrals, its clashes between Islam and Christendom, and its fracture into Reformation, Catholic Counter-Reformation, and the religious dissent that drove settlers to seek religious freedom in the Americas." "Based on little-known primary sources (including early Arabic writings), and featuring more than one hundred photographs and illustrations, this extraordinary history will be of interest to Christians of all denominations, to historians, and to every reader who seeks a fuller understanding of a force that has shaped the modern world."--Jacket
650 #0 - SUBJECT ADDED ENTRY--TOPICAL TERM
Topical term or geographic name entry element Church history
9 (RLIN) 117
776 08 - ADDITIONAL PHYSICAL FORM ENTRY
Relationship information Online version:
Main entry heading Moynahan, Brian, 1941-
Title Faith.
Edition 1st ed.
Place, publisher, and date of publication New York : Doubleday, 2002
Record control number (OCoLC)636321935
942 ## - ADDED ENTRY ELEMENTS (KOHA)
Source of classification or shelving scheme Dewey Decimal Classification
Koha item type Books
Koha issues (borrowed), all copies 1
Holdings
Withdrawn status Lost status Source of classification or shelving scheme Damaged status Not for loan Home library Current Library Shelving location Date acquired Total checkouts Full call number Barcode Date last seen Date last checked out Copy number Price effective from Koha item type
    Dewey Decimal Classification     GRACE BIBLE COLLEGE GRACE BIBLE COLLEGE Church History 2024-06-28 3 270 MOY 017011 2026-02-12 2026-02-09 c.1 2024-06-28 Books
© Grace Bible College Library 2025